| Tag |
First Indicator |
Second Indicator |
Subfields |
| LEADER |
00000cas a2200000 a 4500 |
| 001 |
in00000078007 |
| 005 |
20151008055114.0 |
| 008 |
811123c19829999dcubr1p 0uuua0eng d |
| 010 |
|
|
|a 82641127
|z sn 81002344
|
| 012 |
|
|
|a 3
|b 3
|k 1
|l p
|m 1
|
| 019 |
|
|
|a 7871139
|
| 022 |
0 |
|
|a 0278-7393
|9 0096-1515
|z 0730-0964
|
| 032 |
|
|
|a 086570
|b USPS
|
| 035 |
|
|
|a (OCoLC)07949766
|
| 035 |
|
|
|9 AAJ2564AM
|
| 037 |
|
|
|b American Psychological Association, 1200 17th St., N.W., Washington, D.C. 20036
|
| 040 |
|
|
|a NSD
|c NSD
|d DLC
|d NSD
|d NST
|d DLC
|d NST
|d OCL
|d NSD
|d NST
|d OCL
|d NST
|d RCS
|d NST
|d AIP
|d NST
|d AIP
|d HUL
|d NST
|d HUL
|d TXA
|d UtOrBLW
|
| 042 |
|
|
|a lc
|a nsdp
|
| 049 |
|
|
|a TXAE [Also in] [micro] [film] [S] [2437]
|
| 050 |
0 |
0 |
|a LB1051
|b .J647
|
| 060 |
0 |
0 |
|a W1 JO644VJ
|
| 069 |
1 |
|
|a J20730000
|
| 082 |
0 |
|
|a 370.15
|
| 090 |
|
|
|a BF1
|b .J615
|
| 210 |
0 |
|
|a J. exper. psychol., Learn., mem., cogn.
|
| 222 |
|
0 |
|a Journal of experimental psychology. Learning, memory, and cognition
|
| 245 |
0 |
0 |
|a Journal of experimental psychology.
|p Learning, memory, and cognition.
|
| 246 |
1 |
0 |
|a Learning, memory and cognition
|
| 264 |
|
1 |
|a Washington, D.C. :
|b American Psychological Association,
|c [1982-]
|
| 264 |
|
4 |
|c [©1982-]
|
| 300 |
|
|
|a volumes ;
|c 26 cm.
|
| 310 |
|
|
|a Bimonthly
|b v. 15 no.1-3 1989-
|
| 321 |
|
|
|a Quarterly
|b -v. 14 no. 1-3 1989.
|
| 336 |
|
|
|a text
|b txt
|2 rdacontent
|
| 337 |
|
|
|a unmediated
|b n
|2 rdamedia
|
| 338 |
|
|
|a volume
|b nc
|2 rdacarrier
|
| 362 |
0 |
|
|a Vol. 8, no. 1 (Jan. 1982)-
|
| 500 |
|
|
|a Title from cover.
|
| 500 |
|
|
|a Some issues also on 35 mm. microfilm.
|
| 650 |
|
0 |
|a Psychology
|v Periodicals.
|
| 650 |
|
0 |
|a Psychophysiology
|v Periodicals.
|
| 710 |
2 |
|
|a American Psychological Association.
|
| 780 |
0 |
0 |
|t Journal of experimental psychology. Human learning and memory
|x 0096-1515
|w (DLC) 76643081
|
| 999 |
|
|
|a MARS
|
| 999 |
f |
f |
|s 1d991dad-3e40-33cf-8cff-35fc166c17a2
|i e00ce646-e58f-3e7d-af8e-d6aca21b4227
|t 0
|
| 952 |
f |
f |
|p ric
|a Texas A&M University
|b Rellis Campus
|c Joint Library Facility
|d Remote Storage
|t 0
|e BF1 .J615
|h Library of Congress classification
|i unmediated -- volume
|k v.18:no.5-6
|l 1992:Sept.-Nov.
|m A14816991062
|
| 952 |
f |
f |
|p ric
|a Texas A&M University
|b Rellis Campus
|c Joint Library Facility
|d Remote Storage
|t 0
|e BF1 .J615
|h Library of Congress classification
|i unmediated -- volume
|k v.23:no.5
|l 1997:Sept.
|m A14822415074
|
| 952 |
f |
f |
|p ric
|a Texas A&M University
|b Rellis Campus
|c Joint Library Facility
|d Remote Storage
|t 0
|e BF1 .J615
|h Library of Congress classification
|i unmediated -- volume
|k v.29:no.3-4
|l 2003:May-July
|m A14831795473
|
| 952 |
f |
f |
|p ric
|a Texas A&M University
|b Rellis Campus
|c Joint Library Facility
|d Remote Storage
|t 0
|e BF1 .J615
|h Library of Congress classification
|i unmediated -- volume
|k v.17:no.4-6
|l 1991:July-Nov.
|m A14815673093
|
| 952 |
f |
f |
|p ric
|a Texas A&M University
|b Rellis Campus
|c Joint Library Facility
|d Remote Storage
|t 0
|e BF1 .J615
|h Library of Congress classification
|i unmediated -- volume
|k v.24:no.1-2
|l 1998:Jan.-Mar.
|m A14823646000
|
| 952 |
f |
f |
|p ric
|a Texas A&M University
|b Rellis Campus
|c Joint Library Facility
|d Remote Storage
|t 0
|e BF1 .J615
|h Library of Congress classification
|i unmediated -- volume
|k v.20:no.1-2
|l 1994:Jan.-Mar.
|m A14818783067
|
| 952 |
f |
f |
|p ric
|a Texas A&M University
|b Rellis Campus
|c Joint Library Facility
|d Remote Storage
|t 0
|e BF1 .J615
|h Library of Congress classification
|i unmediated -- volume
|k v.14:no.3-4
|l 1988
|m A14812865049
|
| 952 |
f |
f |
|p ric
|a Texas A&M University
|b Rellis Campus
|c Joint Library Facility
|d Remote Storage
|t 0
|e BF1 .J615
|h Library of Congress classification
|i unmediated -- volume
|k v.24:no.5-6
|l 1998:Sept.-Nov.
|m A14824035383
|
| 952 |
f |
f |
|p ric
|a Texas A&M University
|b Rellis Campus
|c Joint Library Facility
|d Remote Storage
|t 0
|e BF1 .J615
|h Library of Congress classification
|i unmediated -- volume
|k v.21:no.5-6
|l 1995:Sept.-Nov.
|m A14819926870
|
| 952 |
f |
f |
|p ric
|a Texas A&M University
|b Rellis Campus
|c Joint Library Facility
|d Remote Storage
|t 0
|e BF1 .J615
|h Library of Congress classification
|i unmediated -- volume
|k v.23:no.1-2
|l 1997:Jan.-Mar.
|m A14821440628
|
| 952 |
f |
f |
|p ric
|a Texas A&M University
|b Rellis Campus
|c Joint Library Facility
|d Remote Storage
|t 0
|e BF1 .J615
|h Library of Congress classification
|i unmediated -- volume
|k v.22:no.1-2
|l 1996:Jan.-Mar.
|m A14820285766
|
| 952 |
f |
f |
|p ric
|a Texas A&M University
|b Rellis Campus
|c Joint Library Facility
|d Remote Storage
|t 0
|e BF1 .J615
|h Library of Congress classification
|i unmediated -- volume
|k v.15:no.1-3
|l 1989
|m A14812945938
|
| 952 |
f |
f |
|p ric
|a Texas A&M University
|b Rellis Campus
|c Joint Library Facility
|d Remote Storage
|t 0
|e BF1 .J615
|h Library of Congress classification
|i unmediated -- volume
|k v.30:no.5-6
|l 2004:Sept.-Nov.
|m A14832881829
|
| 952 |
f |
f |
|p ric
|a Texas A&M University
|b Rellis Campus
|c Joint Library Facility
|d Remote Storage
|t 0
|e BF1 .J615
|h Library of Congress classification
|i unmediated -- volume
|k v.12
|l 1986
|m A14819776152
|
| 952 |
f |
f |
|p ric
|a Texas A&M University
|b Rellis Campus
|c Joint Library Facility
|d Remote Storage
|t 0
|e BF1 .J615
|h Library of Congress classification
|i unmediated -- volume
|k v.9
|l 1983
|m A14811209054
|
| 952 |
f |
f |
|p ric
|a Texas A&M University
|b Rellis Campus
|c Joint Library Facility
|d Remote Storage
|t 0
|e BF1 .J615
|h Library of Congress classification
|i unmediated -- volume
|k v.16:no.1-3
|l 1990
|m A14812939864
|
| 952 |
f |
f |
|p ric
|a Texas A&M University
|b Rellis Campus
|c Joint Library Facility
|d Remote Storage
|t 0
|e BF1 .J615
|h Library of Congress classification
|i unmediated -- volume
|k v.30:no.3-4
|l 2004:May-July
|m A14831503999
|
| 952 |
f |
f |
|p ric
|a Texas A&M University
|b Rellis Campus
|c Joint Library Facility
|d Remote Storage
|t 0
|e BF1 .J615
|h Library of Congress classification
|i unmediated -- volume
|k v.23:no.3-4
|l 1997:May-July
|m A14821440678
|
| 952 |
f |
f |
|p ric
|a Texas A&M University
|b Rellis Campus
|c Joint Library Facility
|d Remote Storage
|t 0
|e BF1 .J615
|h Library of Congress classification
|i unmediated -- volume
|k v.17:no.1-3
|l 1991:Jan.-Mar.
|m A14815673043
|
| 952 |
f |
f |
|p ric
|a Texas A&M University
|b Rellis Campus
|c Joint Library Facility
|d Remote Storage
|t 0
|e BF1 .J615
|h Library of Congress classification
|i unmediated -- volume
|k v.18:no.3-4
|l 1992:May-July
|m A14816991012
|
| 952 |
f |
f |
|p ric
|a Texas A&M University
|b Rellis Campus
|c Joint Library Facility
|d Remote Storage
|t 0
|e BF1 .J615
|h Library of Congress classification
|i unmediated -- volume
|k v.28:no.5-6
|l 2002:Sept.-Nov.
|m A14830633678
|
| 952 |
f |
f |
|p ric
|a Texas A&M University
|b Rellis Campus
|c Joint Library Facility
|d Remote Storage
|t 0
|e BF1 .J615
|h Library of Congress classification
|i unmediated -- volume
|k v.29:no.1-2
|l 2003:Jan.-Mar.
|m A14830633636
|
| 952 |
f |
f |
|p ric
|a Texas A&M University
|b Rellis Campus
|c Joint Library Facility
|d Remote Storage
|t 0
|e BF1 .J615
|h Library of Congress classification
|i unmediated -- volume
|k v.22:no.5-6
|l 1996:Sept.-Nov.
|m A14820710923
|
| 952 |
f |
f |
|p ric
|a Texas A&M University
|b Rellis Campus
|c Joint Library Facility
|d Remote Storage
|t 0
|e BF1 .J615
|h Library of Congress classification
|i unmediated -- volume
|k v.29:no.6
|l 2003:Nov.
|m A14831826046
|
| 952 |
f |
f |
|p ric
|a Texas A&M University
|b Rellis Campus
|c Joint Library Facility
|d Remote Storage
|t 0
|e BF1 .J615
|h Library of Congress classification
|i unmediated -- volume
|k v.22:no.3-4
|l 1996:May-July
|m A14820285813
|
| 952 |
f |
f |
|p ric
|a Texas A&M University
|b Rellis Campus
|c Joint Library Facility
|d Remote Storage
|t 0
|e BF1 .J615
|h Library of Congress classification
|i unmediated -- volume
|k v.11
|l 1985
|m A14812177412
|
| 952 |
f |
f |
|p ric
|a Texas A&M University
|b Rellis Campus
|c Joint Library Facility
|d Remote Storage
|t 0
|e BF1 .J615
|h Library of Congress classification
|i unmediated -- volume
|k v.19:no.5-6
|l 1993:Sept.-Nov.
|m A14817947359
|
| 952 |
f |
f |
|p ric
|a Texas A&M University
|b Rellis Campus
|c Joint Library Facility
|d Remote Storage
|t 0
|e BF1 .J615
|h Library of Congress classification
|i unmediated -- volume
|k v.20:no.3-4
|l 1994:May-July
|m A14818789704
|
| 952 |
f |
f |
|p ric
|a Texas A&M University
|b Rellis Campus
|c Joint Library Facility
|d Remote Storage
|t 0
|e BF1 .J615
|h Library of Congress classification
|i unmediated -- volume
|k v.25:no.5-6
|l 1999:Sept.-Nov.
|m A14825751314
|
| 952 |
f |
f |
|p ric
|a Texas A&M University
|b Rellis Campus
|c Joint Library Facility
|d Remote Storage
|t 0
|e BF1 .J615
|h Library of Congress classification
|i unmediated -- volume
|k v.26:no.5-6
|l 2000:Sept.-Nov.
|m A14827371681
|
| 952 |
f |
f |
|p ric
|a Texas A&M University
|b Rellis Campus
|c Joint Library Facility
|d Remote Storage
|t 0
|e BF1 .J615
|h Library of Congress classification
|i unmediated -- volume
|k v.30:no.1-2
|l 2004:Jan.-Mar.
|m A14831826088
|
| 952 |
f |
f |
|p ric
|a Texas A&M University
|b Rellis Campus
|c Joint Library Facility
|d Remote Storage
|t 0
|e BF1 .J615
|h Library of Congress classification
|i unmediated -- volume
|k v.8
|l 1982
|m A14811123753
|
| 952 |
f |
f |
|p ric
|a Texas A&M University
|b Rellis Campus
|c Joint Library Facility
|d Remote Storage
|t 0
|e BF1 .J615
|h Library of Congress classification
|i unmediated -- volume
|k v.14:no.1-2
|l 1988
|m A14812059656
|
| 952 |
f |
f |
|p ric
|a Texas A&M University
|b Rellis Campus
|c Joint Library Facility
|d Remote Storage
|t 0
|e BF1 .J615
|h Library of Congress classification
|i unmediated -- volume
|k v.21:no.1-2
|l 1995:Jan.-Feb.
|m A14819301290
|
| 952 |
f |
f |
|p ric
|a Texas A&M University
|b Rellis Campus
|c Joint Library Facility
|d Remote Storage
|t 0
|e BF1 .J615
|h Library of Congress classification
|i unmediated -- volume
|k v.25:no.1-2
|l 1999:Jan.-Mar.
|m A14824958167
|
| 952 |
f |
f |
|p ric
|a Texas A&M University
|b Rellis Campus
|c Joint Library Facility
|d Remote Storage
|t 0
|e BF1 .J615
|h Library of Congress classification
|i unmediated -- volume
|k v.25:no.3-4
|l 1999:Apr.-June
|m A14824958117
|
| 952 |
f |
f |
|p ric
|a Texas A&M University
|b Rellis Campus
|c Joint Library Facility
|d Remote Storage
|t 0
|e BF1 .J615
|h Library of Congress classification
|i unmediated -- volume
|k v.27:no.1-2
|l 2001:Jan.-Mar.
|m A14827371720
|
| 952 |
f |
f |
|p ric
|a Texas A&M University
|b Rellis Campus
|c Joint Library Facility
|d Remote Storage
|t 0
|e BF1 .J615
|h Library of Congress classification
|i unmediated -- volume
|k v.28:no.3-4
|l 2002:May-July
|m A14829655803
|
| 952 |
f |
f |
|p ric
|a Texas A&M University
|b Rellis Campus
|c Joint Library Facility
|d Remote Storage
|t 0
|e BF1 .J615
|h Library of Congress classification
|i unmediated -- volume
|k v.28:no.1-2
|l 2002:Jan.-Mar.
|m A14828759638
|
| 952 |
f |
f |
|p ric
|a Texas A&M University
|b Rellis Campus
|c Joint Library Facility
|d Remote Storage
|t 0
|e BF1 .J615
|h Library of Congress classification
|i unmediated -- volume
|k v.16:no.4-6
|l 1990
|m A14812946023
|
| 952 |
f |
f |
|p ric
|a Texas A&M University
|b Rellis Campus
|c Joint Library Facility
|d Remote Storage
|t 0
|e BF1 .J615
|h Library of Congress classification
|i unmediated -- volume
|k v.27:no.5-6
|l 2001:Sept.-Nov.
|m A14828759874
|
| 952 |
f |
f |
|p ric
|a Texas A&M University
|b Rellis Campus
|c Joint Library Facility
|d Remote Storage
|t 0
|e BF1 .J615
|h Library of Congress classification
|i unmediated -- volume
|k v.20:no.5-6
|l 1994:Sept.-Nov.
|m A14819031594
|
| 952 |
f |
f |
|p ric
|a Texas A&M University
|b Rellis Campus
|c Joint Library Facility
|d Remote Storage
|t 0
|e BF1 .J615
|h Library of Congress classification
|i unmediated -- volume
|k v.10
|l 1984
|m A14812165986
|
| 952 |
f |
f |
|p ric
|a Texas A&M University
|b Rellis Campus
|c Joint Library Facility
|d Remote Storage
|t 0
|e BF1 .J615
|h Library of Congress classification
|i unmediated -- volume
|k v.18:no.1-2
|l 1992:Jan.-Mar.
|m A14816137210
|
| 952 |
f |
f |
|p ric
|a Texas A&M University
|b Rellis Campus
|c Joint Library Facility
|d Remote Storage
|t 0
|e BF1 .J615
|h Library of Congress classification
|i unmediated -- volume
|k v.26:no.3-4
|l 2000:May-July
|m A14827371649
|
| 952 |
f |
f |
|p ric
|a Texas A&M University
|b Rellis Campus
|c Joint Library Facility
|d Remote Storage
|t 0
|e BF1 .J615
|h Library of Congress classification
|i unmediated -- volume
|k v.29:no.5
|l 2003:Sept.
|m A14831826127
|
| 952 |
f |
f |
|p ric
|a Texas A&M University
|b Rellis Campus
|c Joint Library Facility
|d Remote Storage
|t 0
|e BF1 .J615
|h Library of Congress classification
|i unmediated -- volume
|k v.13
|l 1987
|m A14811389286
|
| 952 |
f |
f |
|p ric
|a Texas A&M University
|b Rellis Campus
|c Joint Library Facility
|d Remote Storage
|t 0
|e BF1 .J615
|h Library of Congress classification
|i unmediated -- volume
|k v.21:no.3-4
|l 1995:May-July
|m A14819578766
|
| 952 |
f |
f |
|p ric
|a Texas A&M University
|b Rellis Campus
|c Joint Library Facility
|d Remote Storage
|t 0
|e BF1 .J615
|h Library of Congress classification
|i unmediated -- volume
|k v.27:no.3-4
|l 2001
|m A14827947945
|
| 952 |
f |
f |
|p ric
|a Texas A&M University
|b Rellis Campus
|c Joint Library Facility
|d Remote Storage
|t 0
|e BF1 .J615
|h Library of Congress classification
|i unmediated -- volume
|k v.19:no.1-2
|l 1993:Jan.-Mar.
|m A14817244662
|
| 952 |
f |
f |
|p ric
|a Texas A&M University
|b Rellis Campus
|c Joint Library Facility
|d Remote Storage
|t 0
|e BF1 .J615
|h Library of Congress classification
|i unmediated -- volume
|k v.24:no.3-4
|l 1998:May-July
|m A14823646050
|
| 952 |
f |
f |
|p ric
|a Texas A&M University
|b Rellis Campus
|c Joint Library Facility
|d Remote Storage
|t 0
|e BF1 .J615
|h Library of Congress classification
|i unmediated -- volume
|k v.19:no.3-4
|l 1993:May-July
|m A14817240757
|
| 952 |
f |
f |
|p ric
|a Texas A&M University
|b Rellis Campus
|c Joint Library Facility
|d Remote Storage
|t 0
|e BF1 .J615
|h Library of Congress classification
|i unmediated -- volume
|k v.15:no.4-6
|l 1989:July-Nov.
|m A14815074778
|
| 952 |
f |
f |
|p ric
|a Texas A&M University
|b Rellis Campus
|c Joint Library Facility
|d Remote Storage
|t 0
|e BF1 .J615
|h Library of Congress classification
|i unmediated -- volume
|k v.26:no.1
|l 2000:Jan.
|m A14827367030
|
| 998 |
f |
f |
|a BF1 .J615
|s v.27-30 (2001-2004)
|t 0
|l Remote Storage
|